00694nas a2200229Ia 4500001001600000003001000016008004100026040002500067041001300092100002600105210001900131222001900150245003700169250001100206260000900217501012300226300001400349362002600363500003900389650002500428700001100453A50/R191-41515 IT-MiCISF161014c99999999xx |||||||||||| ||und|| aIT-MiCISFcIT-MiCISF aITALIANO aLiverani Pier Giorgio aSì€ alla vita aSì€ alla vita 0aArriva il matrimonio artificiale a1a ed. c2005 bCISF - Centro Internazionale Studi Famiglia - Via Giotto, 36 20145 MILANO (non commercial uses only)cCopyright 2016 app. 17-18 an. 10, ottobre [2005] a Tema: matrimonio, omosessualità€ amatrimoniovarticolo aAA.VV.